00329nam a2200109Ia 4500008004100000082002000041100002700061245002100088260003900109630001800148650005300166211109s9999||||xx |||||||||||||| ||und|| a894.8122bMAK-C aMakothu, Krishna Menon 0aChanda Kauseekom bNATIONAL BOOKSTALLaKottayamc1968 xGeneral Stack aMalayalam LiteraturevMalayalam DramaxMalayalam